Statistics for Valentine - 5 Seconds of Summer (All Lyrics)

Click here to take the quiz!

General Stats

  • This quiz has been taken 288 times
  • The average score is 208 of 236

Answer Stats

Valentine% Correct
Chorus | Verse 1I
99%
You
99%
you
99%
the
98%
love
97%
We
97%
we
97%
Valentine
96%
valentine
96%
your
96%
and
95%
can
95%
in
95%
Verse 2So
95%
be
94%
us
94%
it
93%
Pre-ChorusIt
93%
take
93%
eyes
92%
stay
92%
don't
91%
home
91%
light
91%
like
91%
out
91%
pie
91%
sweet
91%
cherry
90%
heart
90%
matter
90%
oh
90%
some
90%
chocolate
89%
dark
89%
every
89%
nothing
89%
time
89%
tonight
89%
as
88%
day
87%
together
87%
all
86%
but
86%
Got
86%
just
86%
long
86%
we're
86%
away
85%
gold
85%
touch
85%
know
84%
my
84%
classic
83%
deep
83%
Egyptian
83%
for
83%
of
83%
or
83%
with
83%
kill
82%
Throw
82%
bears
81%
Can't
80%
get
80%
more
80%
teddy
80%
eclairs
79%
fall
79%
messed
78%
permanent
78%
bite
77%
being
76%
chase
75%
DNA's
75%
fire
75%
bark
74%
combative
74%
real
74%
balloons
73%
until
73%
cake
72%
eat
72%
have
72%
our
72%
too
72%
wait
70%
combust
69%
fueling
67%
beat
65%
BridgeFull
64%
plate
64%

Score Distribution

Percentile by Number Answered

Percent of People with Each Score

Your Score History

You have not taken this quiz